Open Data Biblioteca Nacional de Portugal


República Portuguesa: Ministério da Cultura
Biblioteca Nacional de Portugal

Catálogo da BNP: acesso por Identificadores Unívocos
Registos Bibliográficos associados ao registo de autoridade

Etiqueta de registo: 00254nam 2200025 450
001 2225753
003 http://id.bnportugal.gov.pt/bib/catbnp/2225753
010 ## $a978-989-9222-09-0
021 ## $aPT$b550887/25
100 ## $a20250909d2025 m d0pory01030103ba
101 0# $apor
102 ## $aPT
105 ## $aa b 000yy
106 ## $ar
200 1# $aMetalmorfose$fLuís Morais$gtextos Câmara Municipal do Montijo$gorg. Galeria Municipal do Montijo, Ana Reis Silva
210 #9 $aMontijo$cCâmara Municipal do Montijo,$d2025
215 ## $a[31] p.$cil.$d24 cm
675 ## $a739Morais, Luís(083.82)$vBN$zpor$31967852
675 ## $a739.4.023(=1:469)"20"(083.82)$vBN$zpor$31967850
702 #1 $aMorais,$bLuís,$f1970-$31965847
702 #1 $aSilva,$bAna Reis$4340$31300844
712 01 $aMontijo.$bCâmara Municipal$4070$3147493
712 00 $aGaleria Municipal do Montijo$4340$3981422
801 #0 $aPT$bBN$gRPC
856 41 $uhttp://rnod.bnportugal.gov.pt/ImagesBN/winlibimg.aspx?skey=&doc=2225753&img=212913&save=true
900 ## $aBIBNAC$d20251006
966 ## $lBN$mFGMON$sB.A. 52741 V.$x1
966 ## $lBN$mFGMON$sB.A. 52741 V.-D$x1
971 ## $ccsilva$d20250909
973 ## $ctrodrigues$d20250929
975 ## $e0$d20251006$viquintas

Etiqueta de registo: 00254nam 2200025 450
001 2289418
003 http://id.bnportugal.gov.pt/bib/catbnp/2289418
010 ## $a978-989-9222-15-1
021 ## $aPT$b566498/26
100 ## $a20260702d2026 m y0pory01030103ba
101 0# $apor
102 ## $aPT
105 ## $aa b 000yy
106 ## $ar
200 1# $aDe uma margem à outra$eescultura$fCâmara Municipal de Montijo$gtexto e fot. Rui Matos$gorg. Galeria Municipal do Montijo, Ana Reis Silva
210 #9 $aMontijo$cCâmara Municipal de Montijo,$d2026
215 ## $a[32] p.$cil.$d2026
702 #1 $aMatos,$bRui,$f1959-$4070$310901
702 #1 $aSilva,$bAna Reis$4340$31300844
710 01 $aMontijo.$bCâmara Municipal$3147493
712 00 $aGaleria Municipal do Montijo$4340$3981422
801 #0 $aPT$bBN$gRPC
966 ## $lBN$mFGMON$x1
966 ## $lBN$mFGMON$x1
971 ## $cabrito$d20260702

OpendataBNP@bnportugal.pt | Mais informação sobre acesso aos dados BNP